[Event "DEM U16w 2010"]
[Site "Oberhof GER"]
[Date "2010.05.23"]
[Round "2"]
[White "Rosenfeld, Elisabeth"]
[Black "Reck, Jessica"]
[Result "1-0"]
[Termination "normal"]
[Board "12"]
[WhiteElo "1601"]
[BlackElo "1296"]
[PlyCount "69"]
[WhiteFideId "4624742"]
[BlackFideId "12917931"]
[EventCountry "GER"]
[EventRounds "9"]
[EventType "swiss"]
[EventDate "2010.05.22"]

1. e4 e6 2. d4 d5 3. Nc3 c5 4. Nf3 Nc6 5. dxc5 Nf6 6. exd5 Nxd5 7. Nxd5 Qxd5 8.
Qxd5 exd5 9. Be3 Bg4 10. Bb5 Bxf3 11. gxf3 Rd8 12. O-O-O Be7 13. Rhg1 O-O 14.
c3 Ne5 15. Bd4 f6 16. Rge1 Ng6 17. Ba4 Rc8 18. Bd7 Rcd8 19. Be6+ Kh8 20. Be3 f5
21. f4 Bh4 22. Bxd5 Bxf2 23. Bxf2 Nxf4 24. Bc4 Rxd1+ 25. Rxd1 Ng6 26. Rd7 Ne5
27. Rd4 Ng4 28. Bg3 g6 29. h3 Nf6 30. Be5 Kg7 31. Rd6 a6 32. Rb6 f4 33. Rxb7+
Kh6 34. Bxf4+ g5 35. Be5 1-0

[Event "DEM U16w 2010"]
[Site "Oberhof GER"]
[Date "2010.05.23"]
[Round "2"]
[White "Brandt, Carina"]
[Black "Bohrmann, Sandra"]
[Result "1/2-1/2"]
[Termination "normal"]
[Board "13"]
[WhiteElo "1084"]
[BlackElo "1563"]
[PlyCount "119"]
[WhiteFideId "12917940"]
[BlackFideId "12905437"]
[EventCountry "GER"]
[EventRounds "9"]
[EventType "swiss"]
[EventDate "2010.05.22"]

1. e4 e5 2. Nf3 Nc6 3. Bc4 Bc5 4. O-O Nf6 5. d3 d6 6. Be3 Bb6 7. Nbd2 O-O 8.
Re1 Ne7 9. Nf1 Ng6 10. Ng3 c6 11. d4 exd4 12. Bxd4 Bg4 13. c3 d5 14. exd5 Nxd5
15. Bxd5 Qxd5 16. Bxb6 Bxf3 17. Qxd5 Bxd5 18. Bd4 Nf4 19. f3 Nd3 20. Re2 Rfe8
21. Rxe8+ Rxe8 22. b3 c5 23. Rd1 cxd4 24. Rxd3 dxc3 25. Rxc3 g6 26. Rd3 Bc6 27.
Rd4 Re1+ 28. Kf2 Ra1 29. Rd2 f5 30. Ke3 Kf7 31. Kf4 h6 32. Ne2 Re1 33. Nd4 g5+
34. Kg3 Kf6 35. Nxc6 bxc6 36. Rd7 Re2 37. h3 a5 38. Rc7 Rxa2 39. Rxc6+ Kg7 40.
Rc7+ Kg6 41. Rc6+ Kh5 42. Rc4 f4+ 43. Kh2 Ra1 44. Rc5 Ra3 45. Rb5 Kh4 46. Rb6
h5 47. Rb5 Ra2 48. Rd5 g4 49. hxg4 hxg4 50. fxg4 Kxg4 51. Rd4 Rb2 52. Ra4 Rxb3
53. Rxa5 Re3 54. Ra8 Re5 55. Rg8+ Rg5 56. Rxg5+ Kxg5 57. Kg1 Kh4 58. Kf2 Kg4
59. Kg1 Kg3 60. Kf1 1/2-1/2

[Event "DEM U16w 2010"]
[Site "Oberhof GER"]
[Date "2010.05.23"]
[Round "2"]
[White "Müller, Laura Margarita"]
[Black "Möller, Nadine"]
[Result "1-0"]
[Termination "normal"]
[Board "14"]
[WhiteElo "1544"]
[BlackElo "1042"]
[PlyCount "67"]
[WhiteFideId "12917923"]
[EventCountry "GER"]
[EventRounds "9"]
[EventType "swiss"]
[EventDate "2010.05.22"]

1. d4 d5 2. c4 e6 3. Nf3 Nd7 4. Bf4 Ngf6 5. Nc3 Be7 6. Nb5 O-O 7. c5 c6 8. Nc7
Rb8 9. Nxe6 fxe6 10. Bxb8 Nxb8 11. e3 Qa5+ 12. Qd2 Qxd2+ 13. Nxd2 b6 14. cxb6
axb6 15. a3 Ng4 16. Nf3 Ba6 17. Bxa6 Nxa6 18. O-O h6 19. b4 Bd6 20. h3 Nf6 21.
Rfc1 c5 22. dxc5 Nxc5 23. bxc5 bxc5 24. a4 c4 25. a5 Bc5 26. a6 Ra8 27. Ra2 Ne4
28. Ne5 d4 29. Nxc4 dxe3 30. Nxe3 Kf7 31. Rc4 Bxe3 32. fxe3 Nd6 33. Rc7+ Kg8
34. a7 1-0

[Event "DEM U16w 2010"]
[Site "Oberhof GER"]
[Date "2010.05.24"]
[Round "3"]
[White "Kostré, Margarita"]
[Black "Schulz, Anja"]
[Result "0-1"]
[Termination "normal"]
[Board "1"]
[WhiteElo "1779"]
[BlackElo "1972"]
[PlyCount "74"]
[WhiteFideId "4673344"]
[BlackFideId "24647845"]
[EventCountry "GER"]
[EventRounds "9"]
[EventType "swiss"]
[EventDate "2010.05.22"]

1. e4 c5 2. Nf3 Nc6 3. d4 cxd4 4. Nxd4 Qb6 5. Nxc6 bxc6 6. Nc3 g6 7. Bd3 Bg7 8.
O-O Nf6 9. Rb1 O-O 10. Be3 Qc7 11. Be2 d6 12. f4 Nd7 13. Bf3 Nb6 14. Qe2 a5 15.
Qf2 Nc4 16. Bd4 e5 17. fxe5 Nxe5 18. Be2 f5 19. Bxe5 Bxe5 20. Bd3 f4 21. Kh1
Qg7 22. Ne2 g5 23. c3 c5 24. b4 cxb4 25. cxb4 Be6 26. a3 g4 27. Qh4 Rf6 28. Kg1
Raf8 29. bxa5 Rh6 30. Qe1 f3 31. Ng3 Bd4+ 32. Kh1 Rxh2+ 33. Kxh2 Qh6+ 34. Nh5
Qxh5+ 35. Kg3 Qe5+ 36. Kh4 Qh2+ 37. Kg5 Bf6# 0-1

[Event "DEM U16w 2010"]
[Site "Oberhof GER"]
[Date "2010.05.24"]
[Round "3"]
[White "Düssler, Stefanie"]
[Black "Pohl, Theresa"]
[Result "1/2-1/2"]
[Termination "normal"]
[Board "2"]
[WhiteElo "1828"]
[BlackElo "1821"]
[PlyCount "104"]
[WhiteFideId "4634780"]
[EventCountry "GER"]
[EventRounds "9"]
[EventType "swiss"]
[EventDate "2010.05.22"]

1. e4 e6 2. d4 d5 3. Nc3 Bb4 4. e5 c5 5. a3 Ba5 6. b4 cxd4 7. Nb5 Bc7 8. f4 a6
9. Nxc7+ Qxc7 10. Bb2 Nc6 11. Nf3 Nge7 12. Bd3 Ng6 13. Qd2 Bd7 14. O-O O-O 15.
Nxd4 Qb6 16. Qf2 Rac8 17. Rae1 Nce7 18. Kh1 Qc7 19. Qe2 Rfe8 20. Nb3 Nf5 21.
Nc5 Ra8 22. a4 Bc8 23. Qf2 a5 24. g4 Nh6 25. Bxg6 hxg6 26. g5 Nf5 27. b5 b6 28.
Nb3 Bb7 29. Nd4 Rec8 30. Re2 Rab8 31. Kg1 Qc4 32. Ra1 Ba8 33. Kf1 Qb4 34. c3
Qc4 35. Ra3 Qd3 36. Nxf5 gxf5 37. Qe3 Qxe3 38. Rxe3 Rc4 39. Rf3 d4 40. Rf2 d3
41. Bc1 Rbc8 42. Bd2 Kf8 43. Ra1 Ke8 44. h4 g6 45. Rh2 Bf3 46. Rh3 Be2+ 47. Kf2
Kd7 48. Ra3 Kc7 49. Be3 Bg4 50. Rh1 Rd8 51. Bd2 Re4 52. Re1 Be2 1/2-1/2

[Event "DEM U16w 2010"]
[Site "Oberhof GER"]
[Date "2010.05.24"]
[Round "3"]
[White "Sancar, Alina"]
[Black "Schäfer, Daniela"]
[Result "1/2-1/2"]
[Termination "normal"]
[Board "3"]
[WhiteElo "1790"]
[BlackElo "1917"]
[PlyCount "47"]
[WhiteFideId "4624750"]
[BlackFideId "4624769"]
[EventCountry "GER"]
[EventRounds "9"]
[EventType "swiss"]
[EventDate "2010.05.22"]

1. e4 d6 2. Nc3 Nf6 3. g3 e5 4. Bg2 g6 5. Nge2 Bg7 6. O-O O-O 7. d3 Nc6 8. h3
Ne8 9. Be3 f5 10. Qd2 Nf6 11. Bh6 Be6 12. Bxg7 Kxg7 13. a3 h6 14. exf5 gxf5 15.
f4 Rb8 16. Qe3 Nd7 17. fxe5 dxe5 18. Bxc6 bxc6 19. b3 c5 20. Kh2 Qg5 21. Qxg5+
hxg5 22. Rae1 Rh8 23. Ng1 Rh5 24. Kg2 1/2-1/2

[Event "DEM U16w 2010"]
[Site "Oberhof GER"]
[Date "2010.05.24"]
[Round "3"]
[White "Stark, Saskia"]
[Black "Tran, My Linh"]
[Result "0-1"]
[Termination "normal"]
[Board "4"]
[WhiteElo "1993"]
[BlackElo "1801"]
[PlyCount "44"]
[WhiteFideId "4601050"]
[BlackFideId "24682462"]
[EventCountry "GER"]
[EventRounds "9"]
[EventType "swiss"]
[EventDate "2010.05.22"]

1. e4 e5 2. Nf3 Nc6 3. Bc4 Bc5 4. c3 Nf6 5. d3 a6 6. Bb3 Ba7 7. O-O d6 8. Nbd2
O-O 9. h3 Ne7 10. Re1 Ng6 11. Nf1 c6 12. Ng3 h6 13. d4 Qc7 14. Nf5 d5 15. dxe5
Nxe4 16. N5d4 Nxe5 17. Bf4 Nxf3+ 18. Qxf3 Qd8 19. Bc2 f5 20. Qh5 Qf6 21. Rad1
Bd7 22. f3 Be8 0-1

[Event "DEM U16w 2010"]
[Site "Oberhof GER"]
[Date "2010.05.24"]
[Round "3"]
[White "Kühnel, Lena"]
[Black "Marx, Inga"]
[Result "1-0"]
[Termination "normal"]
[Board "5"]
[WhiteElo "1858"]
[BlackElo "1756"]
[PlyCount "45"]
[WhiteFideId "24640956"]
[BlackFideId "4654749"]
[EventCountry "GER"]
[EventRounds "9"]
[EventType "swiss"]
[EventDate "2010.05.22"]

1. e4 c5 2. Nf3 Nc6 3. d4 cxd4 4. Nxd4 e5 5. Nb5 a6 6. Nd6+ Bxd6 7. Qxd6 Qf6 8.
Qd1 Qg6 9. Nc3 Nge7 10. Be3 d6 11. Qd2 O-O 12. O-O-O Rd8 13. h4 h5 14. f3 Be6
15. Nd5 a5 16. a3 Rac8 17. g4 hxg4 18. h5 Qh7 19. Bd3 Qh8 20. h6 g6 21. h7+ Kf8
22. Bh6+ Ke8 23. Bg7 1-0

[Event "DEM U16w 2010"]
[Site "Oberhof GER"]
[Date "2010.05.24"]
[Round "3"]
[White "Harder, Anne"]
[Black "Zeller, Elisa"]
[Result "1/2-1/2"]
[Termination "normal"]
[Board "6"]
[WhiteElo "1719"]
[BlackElo "1708"]
[PlyCount "47"]
[WhiteFideId "4614631"]
[BlackFideId "24662410"]
[EventCountry "GER"]
[EventRounds "9"]
[EventType "swiss"]
[EventDate "2010.05.22"]

1. e4 d6 2. d4 Nf6 3. Nc3 g6 4. g3 Bg7 5. Bg2 Nbd7 6. Nge2 c5 7. dxc5 Nxc5 8.
O-O O-O 9. h3 Rb8 10. a4 b6 11. f4 Bb7 12. e5 dxe5 13. Qxd8 Rfxd8 14. Bxb7 Rxb7
15. fxe5 Nfd7 16. b4 Ne6 17. Nf4 Nxe5 18. Nxe6 fxe6 19. Rb1 Nc4 20. Ne4 Rbd7
21. Rb3 Rd1 22. Rbf3 Rxf1+ 23. Rxf1 Nd6 24. Ng5 1/2-1/2

[Event "DEM U16w 2010"]
[Site "Oberhof GER"]
[Date "2010.05.24"]
[Round "3"]
[White "Rogasch, Miriam"]
[Black "Schätz, Bianca"]
[Result "1-0"]
[Termination "normal"]
[Board "7"]
[WhiteElo "1884"]
[BlackElo "1836"]
[PlyCount "83"]
[WhiteFideId "4616324"]
[BlackFideId "24655821"]
[EventCountry "GER"]
[EventRounds "9"]
[EventType "swiss"]
[EventDate "2010.05.22"]

1. e4 c5 2. Nf3 Nc6 3. d4 cxd4 4. Nxd4 g6 5. c4 Bg7 6. Nc2 Nf6 7. Nc3 d6 8. Be2
O-O 9. Be3 Bd7 10. O-O Qc7 11. Rc1 Ne5 12. b3 Neg4 13. Bd4 e5 14. Be3 Nxe3 15.
Nxe3 Bc6 16. Ned5 Nxd5 17. Nxd5 Bxd5 18. cxd5 Qa5 19. a4 Bh6 20. Rc2 Rfc8 21.
h4 Rc3 22. Qe1 Rac8 23. Bc4 R3xc4 24. Qxa5 Rxc2 25. Qxa7 R2c7 26. Qb6 Rd7 27.
a5 Bd2 28. Rd1 Bc1 29. b4 Bb2 30. Qe3 Bd4 31. Qa3 Rdc7 32. b5 Bc5 33. Qb3 Bd4
34. b6 Rc2 35. a6 Rb2 36. axb7 Rb8 37. Qc4 Rf8 38. Rxd4 exd4 39. Qxd4 Rb1+ 40.
Kh2 Rb3 41. e5 dxe5 42. Qc5 1-0

[Event "DEM U16w 2010"]
[Site "Oberhof GER"]
[Date "2010.05.24"]
[Round "3"]
[White "Rosenfeld, Elisabeth"]
[Black "Rethmann, Kristin"]
[Result "0-1"]
[Termination "normal"]
[Board "8"]
[WhiteElo "1601"]
[BlackElo "1782"]
[PlyCount "124"]
[WhiteFideId "4624742"]
[BlackFideId "24655805"]
[EventCountry "GER"]
[EventRounds "9"]
[EventType "swiss"]
[EventDate "2010.05.22"]

1. e4 d5 2. exd5 Qxd5 3. Nc3 Qa5 4. d4 Nf6 5. Bd3 Nc6 6. Nge2 Bg4 7. f3 Bh5 8.
Bd2 Nb4 9. Bc4 Bg6 10. Rc1 Qb6 11. O-O O-O-O 12. Na4 Qc6 13. Bb3 e6 14. a3 Nbd5
15. c4 Nb6 16. Nxb6+ Qxb6 17. c5 Qa6 18. Bc4 Qc6 19. a4 Qd7 20. b4 h5 21. b5
Bxc5 22. dxc5 Qxd2 23. Qxd2 Rxd2 24. Nf4 Bf5 25. b6 a6 26. bxc7 Kxc7 27. c6
bxc6 28. Bxa6 Nd5 29. Nxd5+ Rxd5 30. Bb5 Rd6 31. Rc3 Kd7 32. Bc4 Ra8 33. Ra1
Rd2 34. Rb3 Kc7 35. a5 Rc2 36. Bf1 Rb8 37. Rba3 Kb7 38. Rd1 e5 39. Rb1+ Ka7 40.
Rd1 Rc5 41. Rda1 Rb1 42. Rxb1 Bxb1 43. Be2 Bf5 44. Ra2 Rc2 45. Rxc2 Bxc2 46.
Bc4 f6 47. Kf2 Ba4 48. Kg3 Bb5 49. Bf7 c5 50. Bxh5 c4 51. Bg6 Ba4 52. Kf2 Ka6
53. Ke2 Kxa5 54. Kd2 Kb4 55. g3 c3+ 56. Kc1 Kc4 57. f4 Kd4 58. fxe5 fxe5 59.
Bh5 e4 60. g4 g5 61. Bg6 e3 62. Bf5 e2 0-1

[Event "DEM U16w 2010"]
[Site "Oberhof GER"]
[Date "2010.05.24"]
[Round "3"]
[White "Klek, Hanna-Marie"]
[Black "Müller, Laura Margarita"]
[Result "1-0"]
[Termination "normal"]
[Board "9"]
[WhiteElo "2133"]
[BlackElo "1544"]
[PlyCount "35"]
[WhiteFideId "24670057"]
[BlackFideId "12917923"]
[EventCountry "GER"]
[EventRounds "9"]
[EventType "swiss"]
[EventDate "2010.05.22"]

1. e4 e5 2. Nf3 Nc6 3. Bc4 Bc5 4. c3 Nf6 5. d3 O-O 6. Nbd2 d6 7. h3 a6 8. Bb3
b5 9. Nf1 h6 10. Ng3 Re8 11. O-O Bb6 12. Nh2 Bb7 13. Nh5 a5 14. a4 Ba6 15. Qf3
Nxh5 16. Bxf7+ Kh8 17. Qxh5 Kh7 18. Qg6+ 1-0

[Event "DEM U16w 2010"]
[Site "Oberhof GER"]
[Date "2010.05.24"]
[Round "3"]
[White "Zimmerer, Leah"]
[Black "Maiwald, Anja"]
[Result "1-0"]
[Termination "normal"]
[Board "10"]
[WhiteElo "1618"]
[BlackElo "1478"]
[PlyCount "37"]
[WhiteFideId "4620240"]
[EventCountry "GER"]
[EventRounds "9"]
[EventType "swiss"]
[EventDate "2010.05.22"]

1. e4 c6 2. d4 d5 3. Nc3 dxe4 4. Nxe4 Nd7 5. Nf3 Ngf6 6. Ng3 e6 7. Bd3 h6 8.
O-O c5 9. Qe2 cxd4 10. Nxd4 Bc5 11. Nf3 O-O 12. Rd1 Qc7 13. Ne4 Nxe4 14. Qxe4
Nf6 15. Qh4 Be7 16. Bxh6 gxh6 17. Qxh6 e5 18. Ng5 e4 19. Bxe4 1-0

[Event "DEM U16w 2010"]
[Site "Oberhof GER"]
[Date "2010.05.24"]
[Round "3"]
[White "Bohrmann, Sandra"]
[Black "Lange, Anika"]
[Result "1-0"]
[Termination "normal"]
[Board "12"]
[WhiteElo "1563"]
[BlackElo "1356"]
[PlyCount "139"]
[WhiteFideId "12905437"]
[BlackFideId "24693405"]
[EventCountry "GER"]
[EventRounds "9"]
[EventType "swiss"]
[EventDate "2010.05.22"]

1. e4 c5 2. c4 Nc6 3. Nc3 g6 4. g3 Bg7 5. Nge2 e6 6. Bg2 b6 7. d3 Bb7 8. Nb5 d6
9. Bf4 e5 10. Be3 a6 11. Nbc3 Nge7 12. O-O O-O 13. Rb1 Rb8 14. Qd2 Nd4 15. b3
Nec6 16. f4 Nxe2+ 17. Nxe2 exf4 18. Nxf4 Ba8 19. Nd5 Nd4 20. Bg5 f6 21. Bh6
Bxd5 22. Bxg7 Kxg7 23. cxd5 a5 24. a3 Qc7 25. Kh1 Qd7 26. Qb2 Qc7 27. Bh3 Rb7
28. b4 axb4 29. axb4 Rfb8 30. Be6 Qe7 31. Bh3 Qc7 32. Qf2 Qe7 33. Rb2 Qf7 34.
Qf4 Qe7 35. Bg2 Qd8 36. h4 h5 37. Bh3 Qe7 38. g4 hxg4 39. Qxg4 Kh7 40. Rg1 Rg8
41. h5 g5 42. Qg3 cxb4 43. Qf2 Qe5 44. Rxb4 b5 45. Qxd4 Qxd4 46. Rxd4 b4 47.
Rb1 b3 48. Rc4 Ra8 49. Rcc1 Ra2 50. Rd1 Kh6 51. Bg4 Rc2 52. Kg1 b2 53. Rf1 Kg7
54. h6+ Kxh6 55. Rxf6+ Kg7 56. Rff1 Rb3 57. Bd1 Rcc3 58. Bxb3 Rxb3 59. Rfd1 Kf6
60. Rd2 Ke5 61. Rbxb2 Rc3 62. Rb6 Rc1+ 63. Kf2 g4 64. Kg3 Rg1+ 65. Rg2 Rd1 66.
Kxg4 Rxd3 67. Re2 Ra3 68. Rb8 Ra4 69. Rd8 Rc4 70. Kg3 1-0

[Event "DEM U16w 2010"]
[Site "Oberhof GER"]
[Date "2010.05.24"]
[Round "3"]
[White "Brühan, Caren"]
[Black "Voggenreiter, Sara"]
[Result "1-0"]
[Termination "normal"]
[Board "13"]
[WhiteElo "1458"]
[BlackElo "1587"]
[PlyCount "69"]
[WhiteFideId "24691976"]
[BlackFideId "24615358"]
[EventCountry "GER"]
[EventRounds "9"]
[EventType "swiss"]
[EventDate "2010.05.22"]

1. d4 d5 2. Nf3 Nf6 3. e3 Bg4 4. Bd3 Nbd7 5. c3 e5 6. Be2 e4 7. Ne5 Bxe2 8.
Qxe2 Bd6 9. O-O c6 10. Nxd7 Qxd7 11. Nd2 O-O 12. c4 Rac8 13. a3 Qc7 14. h3 b6
15. b4 c5 16. dxc5 bxc5 17. bxc5 Qxc5 18. Bb2 Be7 19. cxd5 Qxd5 20. Rac1 Rfd8
21. Rxc8 Rxc8 22. Rc1 Rb8 23. Bxf6 Bxf6 24. Nf1 Qa5 25. Qa2 g6 26. a4 Rb2 27.
Qc4 Rb4 28. Qc6 Kg7 29. Qd6 Rxa4 30. Rc8 Qb4 31. Qd7 Qe7 32. Qxa4 Qe6 33. Qe8
Qxe8 34. Rxe8 a5 35. Rxe4 1-0

[Event "DEM U16w 2010"]
[Site "Oberhof GER"]
[Date "2010.05.24"]
[Round "3"]
[White "Reck, Jessica"]
[Black "Möller, Nadine"]
[Result "1-0"]
[Termination "normal"]
[Board "14"]
[WhiteElo "1296"]
[BlackElo "1042"]
[PlyCount "61"]
[WhiteFideId "12917931"]
[EventCountry "GER"]
[EventRounds "9"]
[EventType "swiss"]
[EventDate "2010.05.22"]

1. d4 d5 2. c4 e6 3. Nf3 Nf6 4. Nc3 Nbd7 5. c5 c6 6. Bf4 Be7 7. e3 O-O 8. Bd3
b6 9. b4 a5 10. a3 Ng4 11. h3 Ngf6 12. Qb1 g6 13. g4 axb4 14. axb4 Bb7 15. Rg1
Rxa1 16. Qxa1 Qa8 17. Kd2 bxc5 18. bxc5 h5 19. Ne5 Qxa1 20. Rxa1 hxg4 21. Nxd7
Nxd7 22. hxg4 Bh4 23. f3 Kg7 24. Ra7 Bc8 25. Rc7 Bf6 26. g5 Be7 27. Rxc6 Rh8
28. Nb5 Bb7 29. Rc7 Bc8 30. Na7 Nb8 31. Rxe7 1-0

[Event "DEM U16w 2010"]
[Site "Oberhof GER"]
[Date "2010.05.25"]
[Round "4"]
[White "Schulz, Anja"]
[Black "Düssler, Stefanie"]
[Result "1-0"]
[Termination "normal"]
[Board "1"]
[WhiteElo "1972"]
[BlackElo "1828"]
[PlyCount "45"]
[WhiteFideId "24647845"]
[BlackFideId "4634780"]
[EventCountry "GER"]
[EventRounds "9"]
[EventType "swiss"]
[EventDate "2010.05.22"]

1. e4 e6 2. d4 d5 3. Nc3 Bb4 4. exd5 exd5 5. Bd3 Nf6 6. Nge2 Nc6 7. O-O Bg4 8.
f3 Bh5 9. Bg5 Bg6 10. a3 Bd6 11. Ng3 Ne7 12. f4 Bxd3 13. Qxd3 c6 14. Bxf6 gxf6
15. Nh5 Ng8 16. Qf5 Be7 17. Rae1 Qd6 18. Qg4 Nh6 19. Qg7 O-O-O 20. Qxh6 Rdg8
21. Ng3 Bf8 22. Nf5 Qd7 23. Qxf6 1-0

[Event "DEM U16w 2010"]
[Site "Oberhof GER"]
[Date "2010.05.25"]
[Round "4"]
[White "Tran, My Linh"]
[Black "Kostré, Margarita"]
[Result "1-0"]
[Termination "normal"]
[Board "3"]
[WhiteElo "1801"]
[BlackElo "1779"]
[PlyCount "113"]
[WhiteFideId "24682462"]
[BlackFideId "4673344"]
[EventCountry "GER"]
[EventRounds "9"]
[EventType "swiss"]
[EventDate "2010.05.22"]

1. e4 e5 2. Nf3 Nc6 3. Bb5 f5 4. Nc3 Nf6 5. Qe2 Nd4 6. Nxd4 exd4 7. exf5+ Be7
8. Ne4 O-O 9. O-O Nxe4 10. Qxe4 d5 11. Qe2 Bxf5 12. Bd3 Bxd3 13. Qxd3 c5 14.
Qe2 Qd7 15. f4 Rae8 16. d3 Bd6 17. Qf3 Bc7 18. Bd2 Re7 19. Rae1 Ref7 20. g3 b6
21. b3 b5 22. Re2 a5 23. Qg2 c4 24. Be1 a4 25. Bf2 Bb6 26. Re5 Rf5 27. Rfe1
Rxe5 28. fxe5 Qe6 29. g4 Bc7 30. Kh1 Rf4 31. h3 Bb6 32. Bg3 Rf7 33. Bf2 Rf8 34.
Qg1 Rf4 35. Qg3 Rf8 36. Qg1 Qh6 37. Qg2 Qe6 38. Qg1 Qh6 39. Qg2 Qe6 40. Bg3 Rc8
41. bxa4 bxa4 42. Rb1 cxd3 43. cxd3 Rc3 44. Qf3 Rc2 45. Rf1 Bc5 46. Rf2 Rxf2
47. Qxf2 Qh6 48. Kg2 Qe6 49. Qc2 Bf8 50. Bf2 Qxe5 51. Qxa4 Bd6 52. Qxd4 Qh2+
53. Kf1 Qxh3+ 54. Ke2 Qg2 55. a4 Bg3 56. Qe3 Bd6 57. Qe6+ 1-0

[Event "DEM U16w 2010"]
[Site "Oberhof GER"]
[Date "2010.05.25"]
[Round "4"]
[White "Schäfer, Daniela"]
[Black "Rogasch, Miriam"]
[Result "1-0"]
[Termination "normal"]
[Board "4"]
[WhiteElo "1917"]
[BlackElo "1884"]
[PlyCount "109"]
[WhiteFideId "4624769"]
[BlackFideId "4616324"]
[EventCountry "GER"]
[EventRounds "9"]
[EventType "swiss"]
[EventDate "2010.05.22"]

1. e4 e5 2. Nf3 Nc6 3. Bb5 a6 4. Ba4 Nf6 5. O-O Be7 6. Re1 b5 7. Bb3 O-O 8. a4
b4 9. d3 a5 10. Nbd2 d6 11. Nf1 Bg4 12. h3 Be6 13. Ng3 Bxb3 14. cxb3 Nd4 15.
Nxd4 exd4 16. Nf5 Nd7 17. Nxd4 Bf6 18. Nf5 Re8 19. d4 Nb6 20. Bf4 Qd7 21. Qg4
Kh8 22. e5 g6 23. Nh6 Qxg4 24. hxg4 Nd5 25. exf6 Nxf4 26. Nxf7+ Kg8 27. Ng5 Rf8
28. f7+ Kg7 29. g3 h6 30. gxf4 hxg5 31. fxg5 Rxf7 32. Rac1 Rh8 33. Kg2 Rhf8 34.
Re2 Kg8 35. Rc4 Rf4 36. Kg3 Rf3+ 37. Kg2 R3f4 38. Rxc7 Rxg4+ 39. Kf1 Rxg5 40.
Re6 Rd8 41. Ra7 Kf8 42. Rf6+ Ke8 43. Rff7 Rc8 44. Rh7 Rf5 45. Rh8+ Rf8 46.
Rxf8+ Kxf8 47. Rxa5 Rc1+ 48. Kg2 Rd1 49. d5 Rd3 50. Ra6 Rxd5 51. Rb6 Rd2 52.
Rxb4 Rxb2 53. a5 Ke7 54. a6 Rc2 55. a7 1-0

[Event "DEM U16w 2010"]
[Site "Oberhof GER"]
[Date "2010.05.25"]
[Round "4"]
[White "Rethmann, Kristin"]
[Black "Kühnel, Lena"]
[Result "0-1"]
[Termination "normal"]
[Board "5"]
[WhiteElo "1782"]
[BlackElo "1858"]
[PlyCount "86"]
[WhiteFideId "24655805"]
[BlackFideId "24640956"]
[EventCountry "GER"]
[EventRounds "9"]
[EventType "swiss"]
[EventDate "2010.05.22"]

1. e4 e5 2. Nc3 Nf6 3. a3 Nc6 4. Nf3 d5 5. exd5 Nxd5 6. Nxe5 Nxe5 7. Qe2 f6 8.
d4 Nxc3 9. bxc3 Qe7 10. dxe5 Qxe5 11. Qxe5+ fxe5 12. Bd3 Bc5 13. Bb2 O-O 14. f3
Bf5 15. O-O-O g6 16. Rhe1 Rfe8 17. Re2 Re7 18. Be4 c6 19. c4 Rae8 20. a4 Kf7
21. Rd3 Be6 22. Red2 Bb4 23. Rd1 Bxc4 24. Re3 Ba6 25. Bd3 Bxd3 26. cxd3 Bc5 27.
Re4 b5 28. Kc2 a5 29. Ra1 b4 30. Rc4 Bd6 31. Rxc6 Rc7 32. Rxc7+ Bxc7 33. Re1
Ke6 34. d4 Kd5 35. Kb3 e4 36. g3 e3 37. Kc2 Kc4 38. Re2 Bb6 39. d5 b3+ 40. Kb1
Kxd5 41. Bc3 Kc4 42. Be1 Rd8 43. Kc1 Rd3 0-1

[Event "DEM U16w 2010"]
[Site "Oberhof GER"]
[Date "2010.05.25"]
[Round "4"]
[White "Zimmerer, Leah"]
[Black "Klek, Hanna-Marie"]
[Result "0-1"]
[Termination "normal"]
[Board "6"]
[WhiteElo "1618"]
[BlackElo "2133"]
[PlyCount "118"]
[WhiteFideId "4620240"]
[BlackFideId "24670057"]
[EventCountry "GER"]
[EventRounds "9"]
[EventType "swiss"]
[EventDate "2010.05.22"]

1. e4 e5 2. Nf3 Nc6 3. Bb5 a6 4. Ba4 Nf6 5. O-O Be7 6. c3 O-O 7. Re1 b5 8. Bb3
d6 9. h3 Na5 10. Bc2 c5 11. d4 Qc7 12. Nbd2 Be6 13. Nf1 Rfc8 14. d5 Bd7 15. b3
c4 16. b4 Nb7 17. Be3 a5 18. a3 Ra6 19. Qd2 Rca8 20. Rab1 axb4 21. axb4 Ra2 22.
Qc1 Nd8 23. Rb2 R2a3 24. Bb1 Qb7 25. Ree2 R8a6 26. Ng3 Qa8 27. Kh2 Ne8 28. Qd2
g6 29. Ne1 f6 30. f3 Nf7 31. Nc2 R3a4 32. Ne1 Qb7 33. Qd1 Bd8 34. Rec2 Ng7 35.
Qe2 Bb6 36. Nf1 f5 37. Bxb6 Qxb6 38. Ne3 Ra3 39. Nd1 Nh5 40. g3 Qd8 41. Qg2 Ng5
42. h4 Nf7 43. Qe2 f4 44. g4 Qxh4+ 45. Kg1 Ng3 46. Qh2 Qxh2+ 47. Kxh2 Kg7 48.
Rf2 h5 49. gxh5 g5 50. Kg1 Ra8 51. Rh2 Nh6 52. Nc2 R3a7 53. Ne1 g4 54. Nf2 Ra3
55. Nd1 gxf3 56. Nxf3 Bg4 57. Rhf2 Bxh5 58. Kg2 Nf7 59. Rfd2 Kf6 0-1

[Event "DEM U16w 2010"]
[Site "Oberhof GER"]
[Date "2010.05.25"]
[Round "4"]
[White "Zeller, Elisa"]
[Black "Stark, Saskia"]
[Result "1-0"]
[Termination "normal"]
[Board "7"]
[WhiteElo "1708"]
[BlackElo "1993"]
[PlyCount "51"]
[WhiteFideId "24662410"]
[BlackFideId "4601050"]
[EventCountry "GER"]
[EventRounds "9"]
[EventType "swiss"]
[EventDate "2010.05.22"]

1. e4 c5 2. Nf3 e6 3. c4 a6 4. Nc3 Nc6 5. Be2 Nge7 6. d4 cxd4 7. Nxd4 Nxd4 8.
Qxd4 Nc6 9. Qd1 Qc7 10. Bd2 Be7 11. O-O O-O 12. Rc1 d6 13. b3 b6 14. Nd5 exd5
15. cxd5 Bd7 16. dxc6 Be6 17. Be3 b5 18. Qd4 Qa5 19. Rc2 Rfc8 20. Bf3 Rab8 21.
Rd1 Rc7 22. Bf4 Rd8 23. Qc3 Qb6 24. Be3 Qb8 25. Qa5 Rdc8 26. Qxa6 1-0

[Event "DEM U16w 2010"]
[Site "Oberhof GER"]
[Date "2010.05.25"]
[Round "4"]
[White "Schmitt, Katrin"]
[Black "Harder, Anne"]
[Result "1/2-1/2"]
[Termination "normal"]
[Board "8"]
[WhiteElo "1728"]
[BlackElo "1719"]
[PlyCount "66"]
[WhiteFideId "24654400"]
[BlackFideId "4614631"]
[EventCountry "GER"]
[EventRounds "9"]
[EventType "swiss"]
[EventDate "2010.05.22"]

1. e4 d5 2. exd5 Nf6 3. Nf3 Nxd5 4. d4 Bg4 5. c4 Nf6 6. Be2 e6 7. h3 Bh5 8. Nc3
Bb4 9. a3 Bxc3+ 10. bxc3 O-O 11. Bg5 h6 12. Bh4 Nbd7 13. O-O g5 14. Bg3 Ne4 15.
Qc2 Nxg3 16. fxg3 Bg6 17. Qb3 b6 18. Rad1 Qe7 19. Bd3 Bxd3 20. Rxd3 Qd6 21.
Rfd1 c5 22. Kh2 Nf6 23. Ne5 Ne4 24. Re1 Nf6 25. a4 Rab8 26. Qd1 cxd4 27. cxd4
Nd7 28. Qh5 Nxe5 29. Rxe5 Kg7 30. Rxg5+ hxg5 31. Qxg5+ Kh7 32. Qh5+ Kg7 33.
Qg5+ Kh7 1/2-1/2

[Event "DEM U16w 2010"]
[Site "Oberhof GER"]
[Date "2010.05.25"]
[Round "4"]
[White "Marx, Inga"]
[Black "Brühan, Caren"]
[Result "0-1"]
[Termination "normal"]
[Board "9"]
[WhiteElo "1756"]
[BlackElo "1458"]
[PlyCount "46"]
[WhiteFideId "4654749"]
[BlackFideId "24691976"]
[EventCountry "GER"]
[EventRounds "9"]
[EventType "swiss"]
[EventDate "2010.05.22"]

1. e4 c5 2. Nf3 Nc6 3. d4 cxd4 4. Nxd4 g6 5. g3 Bg7 6. Be3 Nf6 7. Bg2 O-O 8.
O-O d5 9. exd5 Nxd5 10. Nxc6 bxc6 11. Bd4 Ba6 12. Bxg7 Kxg7 13. c4 Nb6 14. b3
Rc8 15. Qc2 Bb7 16. Nc3 Qc7 17. Rad1 Rfd8 18. Qb2 Kg8 19. Qa3 Ba8 20. Qc5 Rd6
21. Qe5 Rxd1 22. Qxc7 Rxf1+ 23. Kxf1 Rxc7 0-1